000 00690nam a2200181Ia 4500
008 090711s9999 xx 000 0 und d
082 _b19455
100 _aआयव्ंर्हिग स्टोन
245 _aिSारंतन प्रेम
260 _bपर्ल पब्लिकेशन्स प्रायव्हेट लिमिटेड
_c1958
300 _a244
600 _aआयव्ंर्हिग स्टोन
630 _aिSारंतन प्रेम
700 _aदळवी विजय वि.
700 _aआयव्ंर्हिग स्टोन
730 _aिSारंतन प्रेम
942 _cBOOK
999 _c297072
_d297072